Witamy w Bibliotece Naukowej Instytutu Łączności!

Proceedings Of The Royal Society (Rekord nr 23567)

000 -LEADER
fixed length control field 00571 a2200169 4500
041 0# - LANGUAGE CODE
Language code of text/sound track or separate title eng
245 00 - TITLE STATEMENT
Title Proceedings Of The Royal Society
Remainder of title series a: mathematical & physical sciences /
Statement of responsibility, etc Royal Society.
260 ## - PUBLICATION, DISTRIBUTION, ETC. (IMPRINT)
Place of publication, distribution, etc London :
Name of publisher, distributor, etc The royal society,
Date of publication, distribution, etc 1956-.
300 ## - PHYSICAL DESCRIPTION
Dimensions [30] cm.
336 ## -
-- Tekst
-- txt
-- rdacontent
337 ## -
-- Bez urządzenia pośredniczącego
-- n
-- rdamedia
338 ## -
-- Wolumin
-- nc
-- rdacarrier
380 ## -
-- Czasopisma
650 ## - SUBJECT ADDED ENTRY--TOPICAL TERM
Topical term or geographic name as entry element Fizyka
650 ## - SUBJECT ADDED ENTRY--TOPICAL TERM
Topical term or geographic name as entry element Matematyka
710 2# - ADDED ENTRY--CORPORATE NAME
Corporate name or jurisdiction name as entry element Royal Society.
Relator term Instytucja sprawcza
710 2# - ADDED ENTRY--CORPORATE NAME
Corporate name or jurisdiction name as entry element The Royal Society.
Relator term Wydawca
Relator code pbl
Egzemplarze
Withdrawn status Lost status Damaged status Not for loan Permanent Location Current Location Shelving location Date acquired Serial Enumeration / chronology Inventory number Full call number Date last seen Price effective from Koha item type
        Instytut Łączności Instytut Łączności Magazyn 2018-05-08 1956: nr 234, 1196-1199 J GBR 114 J GBR 114 2018-05-08 2018-05-08 Wydawnictwa ciągłe
        Instytut Łączności Instytut Łączności Magazyn 2018-05-08 1957: nr 239, 1216-1219 J GBR 114 J GBR 114 2018-05-08 2018-05-08 Wydawnictwa ciągłe
        Instytut Łączności Instytut Łączności Magazyn 2018-05-08 1956: nr 235, 1200-1203 J GBR 114 J GBR 114 2018-05-08 2018-05-08 Wydawnictwa ciągłe
        Instytut Łączności Instytut Łączności Magazyn 2018-05-08 1957: nr 240, 1220-1223 J GBR 114 J GBR 114 2018-05-08 2018-05-08 Wydawnictwa ciągłe
        Instytut Łączności Instytut Łączności Magazyn 2018-05-08 1956: nr 236, 1204-1207 J GBR 114 J GBR 114 2018-05-08 2018-05-08 Wydawnictwa ciągłe
        Instytut Łączności Instytut Łączności Magazyn 2018-05-08 1957: nr 241, 1224-1227 J GBR 114 J GBR 114 2018-05-08 2018-05-08 Wydawnictwa ciągłe
        Instytut Łączności Instytut Łączności Magazyn 2018-05-08 1956: nr 237, 1208-1211 J GBR 114 J GBR 114 2018-05-08 2018-05-08 Wydawnictwa ciągłe
        Instytut Łączności Instytut Łączności Magazyn 2018-05-08 1957: nr 242, 1228-1231 J GBR 114 J GBR 114 2018-05-08 2018-05-08 Wydawnictwa ciągłe
        Instytut Łączności Instytut Łączności Magazyn 2018-05-08 1956: nr 238, 1212-1215 J GBR 114 J GBR 114 2018-05-08 2018-05-08 Wydawnictwa ciągłe
        Instytut Łączności Instytut Łączności Magazyn 2018-05-08 1957: nr 243, 1232-1233 J GBR 114 J GBR 114 2018-05-08 2018-05-08 Wydawnictwa ciągłe

Działa dzięki Koha